000 01104cam a2200205 4500
001 WB3938-11
008 031009n2003 000 0 eng u
035 _a(Sirsi) u123889
245 _aHealth and Safety Executive advice on stress
260 _c2003
490 _aHealth and Safety Bulletin
_v322 October 2003, 6(1)
520 _aHSE has published two research reports on stress. These cover stress prevention in "Beacons of excellence in stress prevention" RR133 and rehabilitation in "Best practice in rehabilitating employees following absence due to work-related stress" RR138. The reports will help to develop guidance for managers on implementing the HSE's stress management standards.
590 _aWB
650 _aHEALTH AND SAFETY EXECUTIVE
650 _aSTRESS
690 _aHealth and safety
_96244
856 _uhttps://www.hse.gov.uk/research/rrhtm/rr133.htm
_zA copy of Beacons of Excellence can be downloaded from the HSE website...
856 _uhttps://www.hse.gov.uk/research/rrhtm/rr138.htmzA copy of Best Practice can be downloaded from the HSE website...
942 _n0
999 _c73585
_d73585